000 00288nam a22001337a 4500
020 _a9780131481923
082 _a627 CHI/WA
100 _aChin, David A
245 _aWater-Resources Engineering
250 _aEd.2
260 _aNew Jersey
_bPearson
_c2006
300 _a962
942 _cBK
999 _c13865
_d13865